00385nam a2200109Ia 4500008004100000082001500041100002500056245007700081942000600158952009600164999001500260240331s9999 xx 000 0 und d a303.4bPRO aThekkamalai, S.S. ed 4aThe process and the effects of modernization in Indian rural communities cL 001040708LaWERCLbWERCLcSSCd2024-03-31l0o 303.4 PROp615r2024-03-31w2024-03-31yL c1242d1242